|
|
|
|
| LEADER |
00000nam0a2200000 4500 |
| 001 |
25241 |
| 005 |
20231030200838.0 |
| 010 |
|
|
|a 5881190084
|
| 035 |
|
|
|a (RuTPU)RU\TPU\book\25477
|
| 035 |
|
|
|a BOOK00025552
|
| 090 |
|
|
|a 25241
|
| 100 |
|
|
|a 20011209d1998 m y0rusy50 ca
|
| 101 |
0 |
|
|a rus
|
| 102 |
|
|
|a RU
|
| 105 |
|
|
|a a j 000zy
|
| 200 |
1 |
|
|a Представления группы вращений и сферические функции
|e учебное пособие для вузов
|f С. К. Годунов, Т. Ю. Михайлова
|
| 210 |
|
|
|a Новосибирск
|c Научная книга
|d 1998
|
| 215 |
|
|
|a 208 с.
|c ил.
|
| 225 |
1 |
|
|a Университетская серия
|v Т. 3
|
| 610 |
1 |
|
|a математика
|
| 610 |
1 |
|
|a геометрия
|
| 610 |
1 |
|
|a группы
|
| 610 |
1 |
|
|a вращения
|
| 610 |
1 |
|
|a сферические функции
|
| 610 |
1 |
|
|a представления
|
| 610 |
1 |
|
|a векторы
|
| 610 |
1 |
|
|a матрицы
|
| 610 |
1 |
|
|a тензоры
|
| 610 |
1 |
|
|a учебные пособия
|
| 675 |
|
|
|a 514.74(075.8)
|v 3
|
| 700 |
|
1 |
|a Годунов
|b С. К.
|g Сергей Константинович
|
| 701 |
|
1 |
|a Михайлова
|b Т. Ю.
|g Татьяна Юрьевна
|
| 801 |
|
0 |
|a RU
|b 63413507
|c 20011209
|g PSBO
|
| 801 |
|
2 |
|a RU
|b 63413507
|c 20060301
|g PSBO
|
| 900 |
|
|
|a Математика
|
| 942 |
|
|
|c BK
|